Obra dispersa / (Registro nro. 142874)
[ vista simple ]
| 000 -LEADER | |
|---|---|
| campo de control de longitud fija | 00805nam a2200229 i 4500 |
| 001 - NÚMERO DE CONTROL | |
| campo de control | 142874 |
| 003 - IDENTIFICADOR DE NÚMERO DE CONTROL | |
| campo de control | ES-MaACL |
| 005 - FECHA Y HORA DE LA ÚLTIMA TRANSACCIÓN | |
| campo de control | 20250925063045.0 |
| 007 - CAMPO FIJO DE DESCRIPCIÓN FÍSICA--INFORMACIÓN GENERAL | |
| campo de control de longitud fija | t| |
| 008 - DATOS DE LONGITUD FIJA--INFORMACIÓN GENERAL | |
| campo de control de longitud fija | 071010s1967 sp ||||1| spa d |
| 100 1# - ENTRADA PRINCIPAL--NOMBRE DE PERSONA | |
| Nombre de persona | Vicens Vives, Jaime, |
| Fechas asociadas al nombre | 1910-1960 |
| 9 (RLIN) | 114319 |
| 245 10 - MENCIÓN DEL TÍTULO | |
| Título | Obra dispersa / |
| Mención de responsabilidad, etc. | J. Vicens Vives ; edición preparada por M. Batllori y E. Giralt. |
| 250 ## - MENCION DE EDICION | |
| Mención de edición | 1ª ed. |
| 260 ## - PUBLICACIÓN, DISTRIBUCIÓN, ETC. | |
| Lugar de publicación, distribución, etc. | Barcelona : |
| Nombre del editor, distribuidor, etc. | Vicens-Vives, |
| Fecha de publicación, distribución, etc. | 1967. |
| 300 ## - DESCRIPCIÓN FÍSICA | |
| Extensión | 1 v. ; |
| Dimensiones | 24 cm. |
| 505 8# - NOTA DE CONTENIDO CON FORMATO | |
| Nota de contenido con formato | Contiene: II: España, América, Europa / prólogo de José Mª Lacarra de Miguel. - XIV, 587 p. |
| 700 1# - ENTRADA AGREGADA--NOMBRE PERSONAL | |
| Nombre de persona | Batllori, Miguel. |
| 9 (RLIN) | 26460 |
| 700 1# - ENTRADA AGREGADA--NOMBRE PERSONAL | |
| Nombre de persona | Giralt i Raventós, Emili. |
| 9 (RLIN) | 57202 |
| 700 1# - ENTRADA AGREGADA--NOMBRE PERSONAL | |
| Nombre de persona | Lacarra, José María ( |
| Fechas asociadas al nombre | 1907-1987) |
| 9 (RLIN) | 69329 |
| 852 ## - LOCALIZACIÓN | |
| Ubicación | ES-MaACL |
| Número de control de estantería | C-33959 |
| Sublocalización o colección | R.64457 |
| Estatus retirado | Estado de pérdida | Estado de daño | No para préstamo | Biblioteca de origen | Biblioteca actual | Ubicación en estantería | Fecha de adquisición | Fuente de adquisición | Total de préstamos | Signatura topográfica completa | Código de barras | Visto por última vez | Precio de reemplazo | Tipo de ítem Koha |
|---|---|---|---|---|---|---|---|---|---|---|---|---|---|---|
| Biblioteca del Ateneo de Madrid | Biblioteca del Ateneo de Madrid | Depósito 2 | 17/01/2008 | C-33959 | 1148656 | 23/02/2023 | 23/02/2023 | Libro impreso |
